[Event "34. Copenhagen Open (Politiken Cup)"]
[Site "Elsinore"]
[Date "2012.08.03"]
[Round "8"]
[White "Andersen, Finn"]
[Black "Petersen, Peter Birk"]
[Result "1/2-1/2"]
[WhiteElo "2036"]
[BlackElo "2155"]
[PlyCount "114"]
[EventDate "2012.07.28"]
[EventType "swiss"]
[EventRounds "10"]
[EventCountry "DEN"]
[Source "ChessBase"]
[SourceDate "2012.08.24"]

1. e4 c5 2. Nc3 Nc6 3. g3 g6 4. Bg2 Bg7 5. d3 d6 6. Be3 e6 7. Qd2 Rb8 8. Nf3
Nd4 9. Bxd4 cxd4 10. Nb5 Ne7 11. Nbxd4 Nc6 12. Nxc6 bxc6 13. c3 Qb6 14. b3 O-O
15. O-O f5 16. Rac1 c5 17. Rfe1 e5 18. exf5 Rxf5 19. Nh4 Rf6 20. Bd5+ Kh8 21.
d4 cxd4 22. cxd4 Bh3 23. dxe5 dxe5 24. Bg2 Bg4 25. h3 Be6 26. Rc6 Qb5 27. Rd6
Rbf8 28. Nf3 Bg8 29. Rxf6 Bxf6 30. Qe2 Qa5 31. Nxe5 Kg7 32. Nd7 Bc3 33. Nxf8
Bxe1 34. Qe7+ Kh6 35. Qe3+ Kg7 36. Ne6+ Bxe6 37. Qxe6 Bc3 38. a4 Qc5 39. Qd7+
Kh6 40. Qf7 a5 41. h4 Qf5 42. Qc4 Bb4 43. g4 Qf8 44. Qe4 Kg7 45. g5 Qd6 46.
Qb7+ Qe7 47. Qd5 Qd6 48. Qe4 Bc5 49. Bf1 Qg3+ 50. Kh1 Qxf2 51. Qe5+ Kf8 52.
Qh8+ Kf7 53. Qxh7+ Kf8 54. Qh8+ Ke7 55. Qe5+ Kf8 56. Qb8+ Ke7 57. Qc7+ Kf8
1/2-1/2

[Event "34. Copenhagen Open (Politiken Cup)"]
[Site "Elsinore"]
[Date "2012.08.03"]
[Round "8"]
[White "Andersen, Morten"]
[Black "Johansen, Stian"]
[Result "1/2-1/2"]
[WhiteElo "2181"]
[BlackElo "2021"]
[PlyCount "53"]
[EventDate "2012.07.28"]
[EventType "swiss"]
[EventRounds "10"]
[EventCountry "DEN"]
[Source "ChessBase"]
[SourceDate "2012.08.24"]

1. c4 d5 2. cxd5 Qxd5 3. Nc3 Qd8 4. g3 g6 5. Bg2 Bg7 6. Nf3 Nf6 7. d3 O-O 8.
O-O c6 9. e4 Na6 10. h3 Nc5 11. Ne1 e5 12. Be3 Ne6 13. Qd2 Re8 14. f4 Nd4 15.
fxe5 Rxe5 16. Qf2 c5 17. Nf3 Nxf3+ 18. Qxf3 Be6 19. Rad1 Qa5 20. d4 cxd4 21.
Bxd4 Nd7 22. Bxe5 Nxe5 23. Qe3 Nc4 24. Qf3 Qb6+ 25. Kh1 Bxc3 26. Qxc3 Ne3 27.
b3 1/2-1/2

[Event "34. Copenhagen Open (Politiken Cup)"]
[Site "Elsinore"]
[Date "2012.08.03"]
[Round "8"]
[White "Bekker Jensen, Simon"]
[Black "L'Ami, Erwin"]
[Result "1/2-1/2"]
[WhiteElo "2394"]
[BlackElo "2615"]
[PlyCount "84"]
[EventDate "2012.07.28"]
[EventType "swiss"]
[EventRounds "10"]
[EventCountry "DEN"]
[Source "ChessBase"]
[SourceDate "2012.08.24"]

1. d4 Nf6 2. c4 e6 3. Nc3 Bb4 4. e3 O-O 5. Nge2 Re8 6. a3 Bf8 7. Ng3 d5 8. cxd5
exd5 9. b4 c6 10. Bd3 Na6 11. O-O Nc7 12. f3 Ne6 13. Nce2 g6 14. Bc2 a5 15. Rb1
axb4 16. axb4 b6 17. e4 c5 18. e5 Nd7 19. f4 Nxd4 20. Nxd4 cxd4 21. Qxd4 Ba6
22. Bb2 Bg7 23. Rfe1 Bc4 24. Ne4 Ba2 25. Rbd1 Nxe5 26. fxe5 dxe4 27. Bxe4 Rb8
28. Bc6 Qxd4+ 29. Bxd4 Red8 30. Bf2 Rxd1 31. Rxd1 Bxe5 32. b5 Be6 33. Re1 f6
34. Bg3 Kf7 35. Bxe5 fxe5 36. Rxe5 Rd8 37. Re4 Rd1+ 38. Kf2 Rd2+ 39. Ke3 Ra2
40. Kd4 Rc2 41. Kd3 Ra2 42. Kd4 Rc2 1/2-1/2

[Event "34. Copenhagen Open (Politiken Cup)"]
[Site "Elsinore"]
[Date "2012.08.03"]
[Round "8"]
[White "Bjerke, Richard"]
[Black "Andersen, Dag"]
[Result "1-0"]
[WhiteElo "2162"]
[BlackElo "1907"]
[PlyCount "55"]
[EventDate "2012.07.28"]
[EventType "swiss"]
[EventRounds "10"]
[EventCountry "DEN"]
[Source "ChessBase"]
[SourceDate "2012.08.24"]

1. e4 e5 2. Nf3 Nc6 3. Bb5 a6 4. Ba4 Nf6 5. O-O b5 6. Bb3 Bc5 7. c3 d6 8. a4
Bb7 9. d4 Bb6 10. Re1 O-O 11. Bg5 h6 12. Bh4 g5 13. Bg3 Re8 14. h4 g4 15. Nh2
Qc8 16. h5 exd4 17. Bh4 Nxh5 18. Nxg4 Kg7 19. Qf3 f5 20. Nh2 Nf6 21. axb5 axb5
22. Rxa8 Bxa8 23. Bxf6+ Kxf6 24. Qh5 Ne5 25. exf5 Kg7 26. Rxe5 Rxe5 27. Qg6+
Kf8 28. Qf7# 1-0

[Event "34. Copenhagen Open (Politiken Cup)"]
[Site "Elsinore"]
[Date "2012.08.03"]
[Round "8"]
[White "Borg, Flemming"]
[Black "Philipsen, William Horup"]
[Result "0-1"]
[WhiteElo "1750"]
[BlackElo "1905"]
[PlyCount "108"]
[EventDate "2012.07.28"]
[EventType "swiss"]
[EventRounds "10"]
[EventCountry "DEN"]
[Source "ChessBase"]
[SourceDate "2012.08.24"]

1. e4 e5 2. Nc3 Nf6 3. Bc4 Nxe4 4. Qh5 Nd6 5. Bb3 Nc6 6. Nb5 g6 7. Qf3 f5 8.
Qd5 Qe7 9. Nxc7+ Kd8 10. Nxa8 b6 11. Qf3 Bb7 12. Nxb6 axb6 13. h4 Bg7 14. c3
Re8 15. Qh3 e4 16. Ne2 Ne5 17. O-O Ba6 18. Bd1 h6 19. b3 g5 20. Qe3 Kc7 21. Ba3
f4 22. Bxd6+ Qxd6 23. Qxe4 f3 24. Nd4 fxg2 25. Qxg2 Bxf1 26. Kxf1 Kb8 27. Be2
Qa3 28. Nb5 Qb2 29. Rd1 Re6 30. Qd5 gxh4 31. Bg4 Qc2 32. Nd4 Qd3+ 33. Be2 Qh3+
34. Qg2 Qxg2+ 35. Kxg2 Re8 36. Nf5 Bf6 37. d4 Ng6 38. Bb5 Re4 39. f3 Rf4 40.
Bxd7 Nf8 41. Bb5 Rxf5 42. Bd3 Rg5+ 43. Kf2 Ne6 44. Bf1 Nf4 45. Ke3 h3 46. Rd2
Ng2+ 47. Kf2 Rg7 48. f4 Bh4+ 49. Kg1 Ne3+ 50. Kh1 Nxf1 51. Rd1 Ne3 52. Rd3 Ng4
53. Rf3 Nf2+ 54. Kh2 Rg2# 0-1

[Event "34. Copenhagen Open (Politiken Cup)"]
[Site "Elsinore"]
[Date "2012.08.03"]
[Round "8"]
[White "Brynell, Stellan"]
[Black "Ochsner, Bjorn Moller"]
[Result "1/2-1/2"]
[WhiteElo "2498"]
[BlackElo "2290"]
[PlyCount "45"]
[EventDate "2012.07.28"]
[EventType "swiss"]
[EventRounds "10"]
[EventCountry "DEN"]
[Source "ChessBase"]
[SourceDate "2012.08.24"]

1. d4 Nf6 2. c4 g6 3. g3 c5 4. Nf3 cxd4 5. Nxd4 Bg7 6. Bg2 O-O 7. O-O d5 8.
cxd5 Nxd5 9. Nc3 Nxc3 10. bxc3 Qa5 11. Qb3 Nc6 12. Be3 Qa6 13. Nxc6 bxc6 14.
Qb4 Be6 15. Bf3 Bd5 16. Rfd1 e6 17. a4 Rfb8 18. Qc5 Rb3 19. Rdc1 Bf8 20. Qd4
Bg7 21. Qc5 Bf8 22. Qd4 Bg7 23. Qc5 1/2-1/2

[Event "34. Copenhagen Open (Politiken Cup)"]
[Site "Elsinore"]
[Date "2012.08.03"]
[Round "8"]
[White "Cheparinov, Ivan"]
[Black "Halkias, Stelios"]
[Result "1/2-1/2"]
[WhiteElo "2677"]
[BlackElo "2570"]
[PlyCount "81"]
[EventDate "2012.07.28"]
[EventType "swiss"]
[EventRounds "10"]
[EventCountry "DEN"]
[Source "ChessBase"]
[SourceDate "2012.08.24"]

1. c4 Nf6 2. d4 e6 3. Nf3 d5 4. g3 Bb4+ 5. Bd2 Be7 6. Bg2 O-O 7. O-O c6 8. Qc2
b6 9. Rd1 Nbd7 10. b3 Bb7 11. Nc3 Rc8 12. e4 dxe4 13. Nxe4 c5 14. Nxf6+ Bxf6
15. Ng5 Bxg5 16. Bxb7 Rc7 17. Be4 f5 18. Bg2 Bf6 19. Bc3 cxd4 20. Bxd4 Qe7 21.
Qe2 e5 22. Bb2 e4 23. Rd5 Ne5 24. Rad1 Nd3 25. Bxf6 Qxf6 26. f3 b5 27. fxe4
bxc4 28. bxc4 fxe4 29. Bxe4 Qb6+ 30. c5 Nxc5 31. Rd6 Qb8 32. Bc6 Kh8 33. Qh5
Qb4 34. Qf5 Nd7 35. Qe6 Nf6 36. Rd8 h6 37. Rxf8+ Qxf8 38. Qd6 Qf7 39. Rd2 Re7
40. Qd8+ Kh7 41. Qd3+ 1/2-1/2

[Event "34. Copenhagen Open (Politiken Cup)"]
[Site "Elsinore"]
[Date "2012.08.03"]
[Round "8"]
[White "Cherednichenko, Svetlana"]
[Black "Eriksson, Christian Altenburg"]
[Result "1-0"]
[WhiteElo "2293"]
[BlackElo "2106"]
[PlyCount "63"]
[EventDate "2012.07.28"]
[EventType "swiss"]
[EventRounds "10"]
[EventCountry "DEN"]
[Source "ChessBase"]
[SourceDate "2012.08.24"]

1. d4 d5 2. Nf3 Nf6 3. e3 c5 4. Nbd2 e6 5. b3 Nc6 6. Bb2 Be7 7. a3 b6 8. Bd3
Bb7 9. O-O Rc8 10. Ne5 Nxe5 11. dxe5 Nd7 12. Qg4 g6 13. f4 Qc7 14. Rad1 Qc6 15.
c4 dxc4 16. Be4 Qc7 17. Bxb7 Qxb7 18. Nxc4 Qe4 19. Qh3 b5 20. Nd2 Qc2 21. Ba1
Nb6 22. Qf3 Rd8 23. Ne4 Rxd1 24. Rxd1 Nd5 25. Nd6+ Bxd6 26. exd6 O-O 27. e4
Nxf4 28. d7 Ne2+ 29. Qxe2 Qxe2 30. d8=Q Qe3+ 31. Kh1 Qxb3 32. Bf6 1-0

[Event "34. Copenhagen Open (Politiken Cup)"]
[Site "Elsinore"]
[Date "2012.08.03"]
[Round "8"]
[White "Christiansen, Niels Jorgen"]
[Black "Jacobsen, Caroline Beer"]
[Result "0-1"]
[WhiteElo "1775"]
[BlackElo "1587"]
[PlyCount "68"]
[EventDate "2012.07.28"]
[EventType "swiss"]
[EventRounds "10"]
[EventCountry "DEN"]
[Source "ChessBase"]
[SourceDate "2012.08.24"]

1. d4 Nf6 2. c4 e6 3. Nf3 b6 4. g3 Bb7 5. Bg2 Be7 6. O-O O-O 7. Nc3 d5 8. cxd5
Nxd5 9. Bd2 Nxc3 10. bxc3 Nd7 11. Qc2 Rc8 12. Ng5 Bxg5 13. Bxb7 Rb8 14. Bxg5
Qxg5 15. Bc6 Qe7 16. Qa4 Nf6 17. c4 a5 18. Rab1 Rfd8 19. e3 Nd7 20. Rfd1 e5 21.
f3 exd4 22. exd4 Nf6 23. Re1 Qd6 24. d5 Kf8 25. Qc2 Kg8 26. Rb3 Qc5+ 27. Kg2 b5
28. Rxb5 Rxb5 29. Bxb5 Nxd5 30. Qe4 Nf6 31. Qe2 c6 32. Ba4 Qb4 33. Kg1 Qxa4 34.
c5 Qd4+ 0-1

[Event "34. Copenhagen Open (Politiken Cup)"]
[Site "Elsinore"]
[Date "2012.08.03"]
[Round "8"]
[White "Christophersen, David"]
[Black "Jensen, Jonbert"]
[Result "1-0"]
[WhiteElo "1832"]
[BlackElo "1632"]
[PlyCount "69"]
[EventDate "2012.07.28"]
[EventType "swiss"]
[EventRounds "10"]
[EventCountry "DEN"]
[Source "ChessBase"]
[SourceDate "2012.08.24"]

1. e4 d6 2. d4 Nf6 3. Nc3 g6 4. f4 Bg4 5. Be2 Bxe2 6. Qxe2 Qd7 7. Nf3 Bg7 8.
Be3 Na6 9. e5 Ng4 10. O-O-O Nxe3 11. Qxe3 O-O 12. Ng5 e6 13. Nce4 h6 14. Qh3
Qe7 15. Nf3 d5 16. Nf2 f5 17. g4 Rf7 18. Rhg1 fxg4 19. Qxg4 Raf8 20. Nh3 g5 21.
Rg2 Rf5 22. fxg5 h5 23. Qxh5 Rxf3 24. g6 Bh8 25. Ng5 R8f5 26. Qh7+ Qxh7 27.
gxh7+ Kg7 28. Nxf3+ Kxh7 29. Ng5+ Kh6 30. Nxe6 c6 31. Rdg1 Rf7 32. Rg6+ Kh7 33.
h4 Nb8 34. h5 Nd7 35. Ng5# 1-0

[Event "34. Copenhagen Open (Politiken Cup)"]
[Site "Elsinore"]
[Date "2012.08.03"]
[Round "8"]
[White "Clementsson, Jan"]
[Black "Jensen, Ib"]
[Result "1-0"]
[WhiteElo "2115"]
[BlackElo "1986"]
[PlyCount "59"]
[EventDate "2012.07.28"]
[EventType "swiss"]
[EventRounds "10"]
[EventCountry "DEN"]
[Source "ChessBase"]
[SourceDate "2012.08.24"]

1. e4 e5 2. Nf3 d6 3. d4 exd4 4. Qxd4 Nf6 5. Nc3 Be7 6. Bg5 O-O 7. O-O-O Nc6 8.
Qd2 a6 9. Bd3 b5 10. Nd5 Ne5 11. Nxe7+ Qxe7 12. Nxe5 dxe5 13. f4 Bg4 14. Rdf1
Rad8 15. Qc3 Rfe8 16. f5 c5 17. Bxf6 gxf6 18. h3 c4 19. Bxc4 Bxf5 20. Rxf5 bxc4
21. Rhf1 Rd4 22. Rxf6 Red8 23. Qg3+ Kh8 24. R6f5 f6 25. Qh4 R8d6 26. Rxf6 Rxf6
27. Qxf6+ Qxf6 28. Rxf6 Rxe4 29. Rxa6 c3 30. bxc3 1-0

[Event "34. Copenhagen Open (Politiken Cup)"]
[Site "Elsinore"]
[Date "2012.08.03"]
[Round "8"]
[White "Fjellengen, Baard"]
[Black "Bratteteig, Tore Inge"]
[Result "1-0"]
[WhiteElo "1928"]
[BlackElo "1679"]
[PlyCount "103"]
[EventDate "2012.07.28"]
[EventType "swiss"]
[EventRounds "10"]
[EventCountry "DEN"]
[Source "ChessBase"]
[SourceDate "2012.08.24"]

1. d4 f5 2. g3 Nf6 3. Bg2 e6 4. c4 Be7 5. Nc3 d6 6. Nf3 O-O 7. O-O Qe8 8. Qb3
Kh8 9. Ng5 c6 10. e4 fxe4 11. Ngxe4 Nbd7 12. Ng5 Bd8 13. Re1 e5 14. f4 Ng4 15.
Nf3 Qh5 16. h3 Nh6 17. c5 exd4 18. Ne4 Nxc5 19. Nxc5 dxc5 20. Re5 Qg6 21. Kh2
b6 22. Bd2 Bf6 23. Re2 Bd7 24. Rae1 Nf5 25. Ne5 Bxe5 26. Rxe5 Rae8 27. g4 Nd6
28. f5 Qf7 29. Bf4 Qxb3 30. axb3 Rxe5 31. Rxe5 Re8 32. Rxe8+ Nxe8 33. Bb8 a6
34. Ba7 d3 35. Bxb6 g6 36. fxg6 hxg6 37. Bxc5 Nc7 38. Bb4 Nd5 39. Bd2 Kg7 40.
Be4 Bc8 41. Kg3 Bb7 42. Bxd3 Nf6 43. Be3 Kf7 44. Kf4 Bc8 45. Kg5 Nh7+ 46. Kh6
Nf8 47. Bc5 Be6 48. Bxf8 Kxf8 49. Kxg6 a5 50. Bc4 Bd7 51. Kf6 c5 52. g5 1-0

[Event "34. Copenhagen Open (Politiken Cup)"]
[Site "Elsinore"]
[Date "2012.08.03"]
[Round "8"]
[White "Fossan, Petter"]
[Black "Bulski, Krzysztof"]
[Result "0-1"]
[WhiteElo "2255"]
[BlackElo "2554"]
[PlyCount "132"]
[EventDate "2012.07.28"]
[EventType "swiss"]
[EventRounds "10"]
[EventCountry "DEN"]
[Source "ChessBase"]
[SourceDate "2012.08.24"]

1. e4 e5 2. Bc4 Nf6 3. d3 Nc6 4. Nf3 Be7 5. O-O O-O 6. Bb3 d6 7. c3 Na5 8. Bc2
c5 9. Nbd2 b5 10. Re1 Qc7 11. Nf1 Be6 12. Ne3 Rfe8 13. d4 Bf8 14. Bd2 g6 15. a4
exd4 16. cxd4 b4 17. Rc1 Qb7 18. dxc5 dxc5 19. Ng5 Rad8 20. e5 Nd5 21. Qf3 Nxe3
22. Qxb7 Nxb7 23. Bxe3 Bd5 24. f4 Be7 25. Ne4 b3 26. Bb1 Rc8 27. Red1 Be6 28.
Rc3 c4 29. Bxa7 Ra8 30. Be3 Rxa4 31. Nf6+ Bxf6 32. exf6 Ra1 33. Bc2 Rxd1+ 34.
Bxd1 Nd6 35. Rc1 Bd5 36. Bd4 Re1+ 37. Kf2 Rh1 38. Be5 Ne4+ 39. Ke3 h5 40. f5
gxf5 41. Kd4 c3 42. Kxd5 c2 43. Bxc2 Rxc1 44. Bxb3 Rc5+ 45. Kd4 Rb5 46. Bd1
Rxb2 47. Bxh5 Rxg2 48. Ke3 Ra2 49. Bf3 Ng5 50. Be2 Ra5 51. Bd6 Ne6 52. Bc4 Ra4
53. Bb3 Ra6 54. Be7 Kh7 55. Bxe6 Rxe6+ 56. Kf3 Kg6 57. Bd8 Re4 58. Be7 Rc4 59.
Bd8 Kg5 60. Be7 Rc3+ 61. Kf2 Kg4 62. Bd6 f4 63. Be5 Rc2+ 64. Kg1 Kf3 65. h4
Rg2+ 66. Kh1 Rg4 0-1

[Event "34. Copenhagen Open (Politiken Cup)"]
[Site "Elsinore"]
[Date "2012.08.03"]
[Round "8"]
[White "Frisvold, Ole Emil"]
[Black "Brorsen, Jacob Abildlund"]
[Result "0-1"]
[WhiteElo "1960"]
[BlackElo "2121"]
[PlyCount "84"]
[EventDate "2012.07.28"]
[EventType "swiss"]
[EventRounds "10"]
[EventCountry "DEN"]
[Source "ChessBase"]
[SourceDate "2012.08.24"]

1. d4 g6 2. e4 Bg7 3. f4 c5 4. c3 d5 5. dxc5 dxe4 6. Qxd8+ Kxd8 7. Be3 Nc6 8.
Nd2 f5 9. O-O-O Kc7 10. Nc4 Be6 11. Kc2 Nf6 12. Nh3 Ng4 13. Bg1 Rhd8 14. Rxd8
Rxd8 15. a3 h6 16. Be2 Bxc4 17. Bxc4 e5 18. Bf7 Ne7 19. fxe5 Bxe5 20. Bd4 Bxd4
21. cxd4 g5 22. Kc3 Ne3 23. g3 Nc6 24. Re1 Nd5+ 25. Kc4 b5+ 26. Kxb5 Nxd4+ 27.
Kc4 Nf3 28. Re2 Ne5+ 29. Kb3 Nxf7 30. g4 Nf4 31. Nxf4 gxf4 32. gxf5 e3 33. Kc3
Ne5 34. f6 Ng4 35. Rg2 Nxf6 36. Rg7+ Rd7 37. Rxd7+ Nxd7 38. b4 e2 39. Kd2 f3
40. a4 Ne5 41. b5 h5 42. h4 Nd3 0-1

[Event "34. Copenhagen Open (Politiken Cup)"]
[Site "Elsinore"]
[Date "2012.08.03"]
[Round "8"]
[White "Gebhardt, Ulrich"]
[Black "Rosell, Sven"]
[Result "1/2-1/2"]
[WhiteElo "2222"]
[BlackElo "1937"]
[PlyCount "108"]
[EventDate "2012.07.28"]
[EventType "swiss"]
[EventRounds "10"]
[EventCountry "DEN"]
[Source "ChessBase"]
[SourceDate "2012.08.24"]

1. d4 Nf6 2. c4 g6 3. g3 Bg7 4. Bg2 O-O 5. Nc3 d6 6. Nf3 Nbd7 7. O-O e5 8. b3
exd4 9. Nxd4 a6 10. Bb2 Rb8 11. Qd2 Re8 12. Rad1 c5 13. Nf3 b5 14. cxb5 axb5
15. Qxd6 b4 16. Na4 Ne4 17. Qxb8 Nxb8 18. Rxd8 Rxd8 19. Bxg7 Kxg7 20. Rc1 Ba6
21. e3 Bb5 22. Ne5 Nc3 23. Nxc3 bxc3 24. Bf3 Rd2 25. a4 Ba6 26. Rxc3 Rb2 27.
Bd5 Rb1+ 28. Kg2 Bf1+ 29. Kf3 f6 30. Nc6 Na6 31. Bc4 Bxc4 32. bxc4 Rb6 33. Ne7
Rb2 34. a5 Ra2 35. Nc6 f5 36. Rb3 Nb4 37. Nxb4 cxb4 38. Rxb4 Rxa5 39. Rb2 Kf6
40. h4 Rc5 41. Rc2 Ke5 42. Ke2 h6 43. Kd3 g5 44. h5 g4 45. Rc1 Kf6 46. Kd4 Rc8
47. c5 Kg5 48. Ke5 Kxh5 49. c6 f4 50. exf4 Rxc6 51. Rd1 Rc2 52. Ke6 Kg6 53. f5+
Kg5 54. Rd5 Rc6+ 1/2-1/2

[Event "34. Copenhagen Open (Politiken Cup)"]
[Site "Elsinore"]
[Date "2012.08.03"]
[Round "8"]
[White "Glud, Jakob Vang"]
[Black "Salgado Lopez, Ivan"]
[Result "1-0"]
[WhiteElo "2498"]
[BlackElo "2635"]
[PlyCount "87"]
[EventDate "2012.07.28"]
[EventType "swiss"]
[EventRounds "10"]
[EventCountry "DEN"]
[Source "ChessBase"]
[SourceDate "2012.08.24"]

1. c4 g6 2. g3 Bg7 3. Bg2 c5 4. Nc3 Nc6 5. e3 Nf6 6. Nge2 h5 7. h3 d6 8. d4
cxd4 9. exd4 Bf5 10. O-O Qd7 11. Kh2 Rc8 12. Bg5 Nh7 13. Be3 Nf6 14. Bg5 Nh7
15. Be3 Nf6 16. a3 O-O 17. b4 e5 18. Rc1 b6 19. Nb5 Rfd8 20. Bg5 Ne7 21. dxe5
dxe5 22. Qxd7 Rxd7 23. Rfd1 Rxd1 24. Rxd1 Rxc4 25. Nxa7 Rc2 26. Rd8+ Kh7 27.
Rd2 Rxd2 28. Bxd2 Bd3 29. Nc3 e4 30. Nab5 Ned5 31. Nd6 e3 32. fxe3 Nxc3 33.
Bxc3 Ng4+ 34. hxg4 Bxc3 35. Be4 Bxe4 36. Nxe4 Bb2 37. a4 hxg4 38. a5 bxa5 39.
bxa5 Bc1 40. Nf6+ Kg7 41. Nxg4 Ba3 42. Ne5 f5 43. Kg2 g5 44. Nd7 1-0

[Event "34. Copenhagen Open (Politiken Cup)"]
[Site "Elsinore"]
[Date "2012.08.03"]
[Round "8"]
[White "Grand, Hans Henrik"]
[Black "Buchal, Stephan"]
[Result "0-1"]
[WhiteElo "2144"]
[BlackElo "2320"]
[PlyCount "72"]
[EventDate "2012.07.28"]
[EventType "swiss"]
[EventRounds "10"]
[EventCountry "DEN"]
[Source "ChessBase"]
[SourceDate "2012.08.24"]

1. c4 g6 2. Nc3 Bg7 3. g3 e5 4. Bg2 d6 5. e4 Nf6 6. Nge2 O-O 7. O-O c6 8. d4
exd4 9. Nxd4 Nbd7 10. b3 Re8 11. Bb2 Nc5 12. Re1 a5 13. Rb1 Qb6 14. a3 Ng4 15.
Re2 Ne5 16. Ba1 Bg4 17. f3 Bxf3 18. Nxf3 Nxf3+ 19. Kh1 Ne5 20. Qxd6 Rad8 21.
Nd5 Qxb3 22. Rxb3 Rxd6 23. Rb1 cxd5 24. exd5 b6 25. Bd4 f6 26. Rb5 Rc8 27. Bh3
Rc7 28. Bxe5 fxe5 29. Reb2 Na4 30. Rc2 Bf6 31. Be6+ Kg7 32. h4 e4 33. Rb1 Nc5
34. Bg4 h5 35. Bh3 Be5 36. Kg2 Rf7 0-1

[Event "34. Copenhagen Open (Politiken Cup)"]
[Site "Elsinore"]
[Date "2012.08.03"]
[Round "8"]
[White "Hagen, Thorolf"]
[Black "Jensen, Torben Brieghel"]
[Result "1-0"]
[WhiteElo "1641"]
[BlackElo "1514"]
[PlyCount "57"]
[EventDate "2012.07.28"]
[EventType "swiss"]
[EventRounds "10"]
[EventCountry "DEN"]
[Source "ChessBase"]
[SourceDate "2012.08.24"]

1. e4 e6 2. Nf3 c5 3. d4 cxd4 4. Nxd4 Nc6 5. Nxc6 bxc6 6. Bd3 d5 7. O-O Bd6 8.
exd5 cxd5 9. Nc3 Ne7 10. Bg5 a6 11. Re1 Qc7 12. h3 Bb7 13. Qg4 h5 14. Qe2 Ng6
15. Bxg6 e5 16. Bxh5 d4 17. Ne4 Bxe4 18. Qxe4 O-O 19. Qd3 Qc5 20. a3 e4 21.
Qxe4 Qxg5 22. Bf3 Rad8 23. Rad1 Qf6 24. Be2 Rfe8 25. Qf3 Qe5 26. g3 d3 27. Bxd3
Qxb2 28. Rxe8+ Rxe8 29. Bc4 1-0

[Event "34. Copenhagen Open (Politiken Cup)"]
[Site "Elsinore"]
[Date "2012.08.03"]
[Round "8"]
[White "Hansen, Mads"]
[Black "Haubro, Martin"]
[Result "1-0"]
[WhiteElo "2341"]
[BlackElo "2148"]
[PlyCount "41"]
[EventDate "2012.07.28"]
[EventType "swiss"]
[EventRounds "10"]
[EventCountry "DEN"]
[Source "ChessBase"]
[SourceDate "2012.08.24"]

1. e4 c5 2. Nf3 d6 3. d4 cxd4 4. Nxd4 Nf6 5. f3 Nc6 6. c4 Nxd4 7. Qxd4 g6 8.
Nc3 Bg7 9. Be3 O-O 10. Qd2 Be6 11. Rc1 Qd7 12. Be2 Rfc8 13. b3 b6 14. O-O Qb7
15. Rc2 a6 16. a4 a5 17. Rb1 Nd7 18. Bf1 Nc5 19. Ne2 f5 20. Nf4 fxe4 21. Bxc5
1-0

[Event "34. Copenhagen Open (Politiken Cup)"]
[Site "Elsinore"]
[Date "2012.08.03"]
[Round "8"]
[White "Hansen, Morten Moller"]
[Black "Bjorneboe, Kristian"]
[Result "1-0"]
[WhiteElo "2095"]
[BlackElo "1959"]
[PlyCount "59"]
[EventDate "2012.07.28"]
[EventType "swiss"]
[EventRounds "10"]
[EventCountry "DEN"]
[Source "ChessBase"]
[SourceDate "2012.08.24"]

1. d4 Nf6 2. c4 g6 3. Nc3 Bg7 4. e4 d6 5. Nf3 O-O 6. h3 e5 7. d5 Nbd7 8. Be3 a5
9. g4 Nc5 10. Qc2 Ne8 11. Bd3 Nxd3+ 12. Qxd3 f5 13. gxf5 gxf5 14. Bg5 Qd7 15.
O-O-O fxe4 16. Nxe4 Qf5 17. Nh4 Qf7 18. Rhg1 Kh8 19. Rg3 Bf5 20. Rdg1 Bxe4 21.
Qxe4 Qxf2 22. Be3 Qe2 23. Nf5 Rxf5 24. Qxf5 Qxc4+ 25. Kb1 Qxd5 26. Rxg7 Nxg7
27. Qf6 Qd3+ 28. Ka1 Rg8 29. Bh6 Qd4 30. Bxg7+ 1-0

[Event "34. Copenhagen Open (Politiken Cup)"]
[Site "Elsinore"]
[Date "2012.08.03"]
[Round "8"]
[White "Hansen, Rasmus Agertoft"]
[Black "Schmied, Andreas"]
[Result "0-1"]
[WhiteElo "1946"]
[BlackElo "2067"]
[PlyCount "62"]
[EventDate "2012.07.28"]
[EventType "swiss"]
[EventRounds "10"]
[EventCountry "DEN"]
[Source "ChessBase"]
[SourceDate "2012.08.24"]

1. b3 d5 2. Bb2 e6 3. e3 Nf6 4. Nf3 Be7 5. Be2 O-O 6. d3 b6 7. O-O Bb7 8. Nbd2
c5 9. Ne5 Nc6 10. f4 Nd7 11. Bg4 Qc7 12. Nxd7 Qxd7 13. f5 d4 14. e4 Ne5 15. Bh3
Qd6 16. Nc4 Nxc4 17. bxc4 Rae8 18. Bc1 Bf6 19. Bf4 Be5 20. Qg4 exf5 21. exf5
Bxf4 22. Rxf4 Qf6 23. Qh5 Re3 24. Raf1 Rfe8 25. Bg4 Re1 26. Bf3 Qe5 27. Be4
Qxf4 28. Rxe1 Bxe4 29. f6 Bc6 30. Rf1 Qe3+ 31. Kh1 Qe2 0-1

[Event "34. Copenhagen Open (Politiken Cup)"]
[Site "Elsinore"]
[Date "2012.08.03"]
[Round "8"]
[White "Hansen, Tommy"]
[Black "Rasmussen, Jonas H"]
[Result "1/2-1/2"]
[WhiteElo "1856"]
[BlackElo "1673"]
[PlyCount "93"]
[EventDate "2012.07.28"]
[EventType "swiss"]
[EventRounds "10"]
[EventCountry "DEN"]
[Source "ChessBase"]
[SourceDate "2012.08.24"]

1. d4 Nf6 2. Nc3 e6 3. e4 d6 4. Bg5 Be7 5. Nf3 O-O 6. Bd3 d5 7. e5 Nfd7 8. h4
f5 9. exf6 Bxf6 10. Qe2 Qe7 11. Ne5 Nc6 12. Nxc6 bxc6 13. O-O-O c5 14. Ba6 Bxa6
15. Qxa6 c4 16. Rhe1 Nb6 17. Re5 Bxg5+ 18. hxg5 Rf5 19. Rde1 Qxg5+ 20. Kb1 Rxe5
21. Rxe5 Qxg2 22. a4 Qg1+ 23. Ka2 Qg6 24. a5 Nd7 25. Rxe6 Qxc2 26. Re2 Qb3+ 27.
Ka1 Nf6 28. Qe6+ Kh8 29. Nxd5 Qa4+ 30. Kb1 Nxd5 31. Qxd5 Qd1+ 32. Ka2 Qb3+ 33.
Kb1 Qd3+ 34. Rc2 Re8 35. Qxc4 Qf5 36. Qxc7 h5 37. Qc5 Qg6 38. d5 h4 39. Qc6 Qe4
40. d6 Qxc6 41. Rxc6 Rd8 42. f4 Kg8 43. Kc2 h3 44. Rc3 h2 45. Rh3 Rxd6 46. Rxh2
Rd4 47. Rf2 1/2-1/2

[Event "34. Copenhagen Open (Politiken Cup)"]
[Site "Elsinore"]
[Date "2012.08.03"]
[Round "8"]
[White "Hansen, Verner"]
[Black "Hansen, Anders1"]
[Result "1-0"]
[WhiteElo "1878"]
[BlackElo "1711"]
[PlyCount "27"]
[EventDate "2012.07.28"]
[EventType "swiss"]
[EventRounds "10"]
[EventCountry "DEN"]
[Source "ChessBase"]
[SourceDate "2012.08.24"]

1. e4 c5 2. Nc3 e6 3. Bc4 Nc6 4. Nf3 Qc7 5. O-O a6 6. Re1 b5 7. Bf1 Nf6 8. e5
Ng4 9. Qe2 Nb4 10. d4 Bb7 11. h3 Nxc2 12. Qxc2 Bxf3 13. hxg4 Bxg4 14. Qe4 1-0

[Event "34. Copenhagen Open (Politiken Cup)"]
[Site "Elsinore"]
[Date "2012.08.03"]
[Round "8"]
[White "Haugli, Petter"]
[Black "Burmakin, Vladimir"]
[Result "0-1"]
[WhiteElo "2318"]
[BlackElo "2590"]
[PlyCount "60"]
[EventDate "2012.07.28"]
[EventType "swiss"]
[EventRounds "10"]
[EventCountry "DEN"]
[Source "ChessBase"]
[SourceDate "2012.08.24"]

1. d4 c6 2. c4 d6 3. Nf3 g6 4. Nc3 Bg7 5. e4 Bg4 6. Be3 Qb6 7. Qd2 Bxf3 8. gxf3
Nd7 9. O-O-O Qa5 10. Kb1 O-O-O 11. Be2 c5 12. f4 cxd4 13. Bxd4 Bxd4 14. Qxd4
Ngf6 15. Nd5 Nxd5 16. cxd5 Kb8 17. Rc1 Nf6 18. Bf3 Qb6 19. Qxb6 axb6 20. Kc2
Rhf8 21. Kd3 e6 22. dxe6 fxe6 23. Ke3 d5 24. exd5 exd5 25. Rhd1 Rde8+ 26. Kd4
Ne4 27. Rc2 Nc5 28. Bxd5 Rxf4+ 29. Kc3 Rc8 30. f3 Ne6+ 0-1